Other Significant European City #2 - Statistics

General Stats
  • This quiz has been taken 26 times
  • The average score is 22 of 44
Answers on the Map
Answers color-coded by a green-red scale on the quiz's map according to % correct below.
 
Answer Stats
Answer % Correct
Wrocław
91%
Leeds
86%
Leipzig
82%
Waterford
82%
Genoa
77%
Lille
77%
Malmö
77%
Maastricht
73%
Geneve
68%
Salzburg
68%
Thessaloníki
68%
Zaragoza
68%
Århus
64%
Debrecen
64%
Rostov-on-Don
64%
Dnipro
64%
Novi Sad
64%
Tartu
59%
Charleroi
55%
Daugavpils
55%
Durrës
55%
Košice
55%
Varna
50%
Kópavogur
45%
Stavanger
45%
Turku
45%
Vila Nova de Gaia
45%
Iași
41%
Rijeka
41%
Bitola
36%
Borgo Maggiore
36%
Herceg Novi
32%
Liberec
32%
Encamp
27%
Differdange
23%
La Condamine
23%
Tauragė
23%
Zenica
23%
Mogilev
18%
Qormi
18%
Triesen
18%
Balti
14%
Celje
14%
Gjilan
9%
No matching quizzes found
Score Distribution
Percent of People with Each Score
Percentile by Number Answered
Your Score History
You have not taken this quiz